000 01165nam0a22002531 4500
001 rc\711008
005 20260407053624.0
035 _a(NLR Aleph) 005946066
090 _a6729893
_c6729893
100 _a20031121d1985 |||y0rusy50 ca
101 0 _arus
102 _aRU
105 _ay |||||||||
200 1 _aЗаболевания предстательной железы
_eНауч.-метод. лит. по урологии
_eТез. докл. [к конф.
_fРед. А.А. Кобелев, Н.И. Тарасов]
210 _aЧелябинск
_cЧеляб. обл. науч. о-во урологов
_d1985
215 _a98 с.
_d20
300 _aВ надзаг.: Челяб. обл. отд. здравоохранения, Челяб. гос. мед. ин-т, Урал. ин-т усоверш. врачей, Челяб. обл. науч. о-во урологов
702 1 _aКобелев
_bА.А.
_4340
712 0 2 _aЧелябинский областной отдел здравоохранения
_3RU\NLR\AUTH\8810023616
_9545241
801 0 _aRU
_bNLR
_gpsbo
801 1 _aRU
_bELAR
_2rusmarc
852 _aNLR
_j85-4/40447
942 _cBOOK
980 _aNB